Slovenské vžité názvy geografických objektov ležiacich mimo územia Slovenskej republiky

Bibliographic Details
Other Authors: Hajčíková, Marta, 1934- (Compiler), Kováčová, Mária (Compiler)
Format: Book
Language:Slovak
PhysicalDescription:118 s. 25 cm
Published: Bratislava Geodetický a kartografický ústav 1999
ISBN:8085672499
Edition:2. nezm. vyd.
Series:Geografické názvoslovné zoznamy OSN Slovenskej republiky
Subjects:

MARC

LEADER 00000nam a2200000 a 4500
001 vtls001391824
003 SK-MaSNL
005 20260301161625.0
008 251029s1999 xo g r y slo
015 |a SNBI2000/04-01449 
020 |a 8085672499 
035 |a SNK000346113 
035 |a urn:nbn:sk:snk-amklcv 
035 |a urn:nbn:sk:snk-am003twm 
035 |a 165EB270-84F0-41FA-802B-34F3121D0DDF 
040 |a SNK  |b slo  |c SNK  |e AACR2 
041 0 |a slo 
044 |a xo  |c SK 
080 |a 91:808.54-311(049.4)  |2 1981 
080 |a 808.54-311  |2 1981 
245 0 0 |a Slovenské vžité názvy geografických objektov ležiacich mimo územia Slovenskej republiky  |c zostavili: Marta Hajčíková a Mária Kováčová 
246 1 0 |a Slovak exonyms of geographical features lying out of the territory of the Slovak republic 
246 1 1 |a Slovak exonyms of geographical features lying out of the territory of the Slovak republic 
250 |a 2. nezm. vyd. 
260 |a Bratislava  |b Geodetický a kartografický ústav  |c 1999 
300 |a 118 s.  |c 25 cm 
490 1 |a Geografické názvoslovné zoznamy OSN Slovenskej republiky  |v B 5 
500 |a Súbež. názov angl. 
500 |a Vyd. Úrad geodézie, kartografie a katastra SR 
650 0 7 |a toponymá  |2 SNKPH  |9 90084 
650 0 7 |a slovenčina  |2 SNKPH  |9 1350 
650 0 7 |a toponomastika  |2 SNKPH  |9 17949 
655 7 |a pokyny  |2 SNKPH  |9 70685 
655 7 |a zoznamy  |2 SNKPH  |9 29645 
700 1 |a Hajčíková, Marta,  |d 1934-  |4 com  |9 211603 
700 1 |a Kováčová, Mária  |4 com  |9 303400 
710 2 |a Slovensko.  |b Úrad geodézie, kartografie a katastra  |4 pbl  |9 151503 
830 0 |a Geografické názvoslovné zoznamy OSN Slovenskej republiky  |9 277896 
919 |a 80-85672-49-9 
958 |a TL 
999 |c 810213  |d 812143 
952 |t P60, <03>, [BOOK], {603}  |a SNK  |b SNK  |y PREZ  |7 0  |p 17A0244395  |o snkSC 102051  |i snkKSP 6638/2000  |0 0  |1 0  |4 0  |d 2000-07-03  |f 1  |l 0  |r 2025-09-23 00:00:00  |w 2026-02-24 
952 |a SNK  |b SNK  |y VYP  |7 0  |p 17A0246351  |o snkSC 102051 D1  |i snkKSP 7081/2000  |0 0  |1 0  |4 0  |d 2000-07-18  |l 0  |r 2005-01-02 00:00:00  |w 2026-02-24 
952 |t P60, <09>, [BOOK], {629}  |a SNK  |b SNK  |y NEVYP  |7 0  |o snkC 402  |i snk803/20000719  |0 0  |1 0  |4 0  |d 2000-07-18  |l 0  |r 2005-01-02 00:00:00  |w 2026-02-24